| 000 | 01181nam0a22002891 4500 | ||
|---|---|---|---|
| 001 | v19\rc\1966797 | ||
| 005 | 20260405202959.0 | ||
| 035 | _a(NLR Aleph) 005271748 | ||
| 090 |
_a6006923 _c6006923 |
||
| 100 | _a20080428d1914 |||y0rusy50 ca | ||
| 101 | 1 |
_arus _cger |
|
| 102 | _aRU | ||
| 105 | _ay z |||a| | ||
| 200 | 1 |
_aПринцесса Сильвия _eКомедия в 4 д. _fЕлизабет фон-Арним _gАвториз. пер. с рукоп. Бориса Лебедева |
|
| 210 |
_aСанкт-Петербург _cжурн. "Театр и искусство" _d1914 |
||
| 215 |
_a89 с. _d26 |
||
| 309 | _aНапеч. на пиш. маш. Литогр. | ||
| 309 | _aБез тит. л. | ||
| 700 | 1 |
_8rus _7ca _aАрним _bБ. фон _f1785-1859 _gБеттина фон _3RU\NLR\AUTH\7790412 _973339 |
|
| 702 | 1 |
_4730 _8rus _7ca _aЛебедев _bБ. Н. _cлитератор _gБорис Николаевич _3RU\NLR\AUTH\7790305 _973232 |
|
| 801 | 0 |
_aRU _bNLR _c20080428 _gpsbo |
|
| 801 | 0 |
_aRU _bRuMoRGB _c20080428 _2psbo |
|
| 801 | 1 |
_aRU _bProSoft-M _c20080428 _2rusmarc |
|
| 801 | 2 |
_aRU _bNLR _c20100805 _2rusmarc |
|
| 852 |
_aNLR _j37.55.3.367 |
||
| 942 | _cBOOK | ||
| 980 | _aNB | ||